<?xml version="1.0" encoding="UTF-8"?>
<record
    xmlns:xsi="http://www.w3.org/2001/XMLSchema-instance"
    xsi:schemaLocation="http://www.loc.gov/MARC21/slim http://www.loc.gov/standards/marcxml/schema/MARC21slim.xsd"
    xmlns="http://www.loc.gov/MARC21/slim">

  <leader>01144nam a22002777a 4500</leader>
  <controlfield tag="005">20170706110422.0</controlfield>
  <datafield tag="010" ind1=" " ind2=" ">
    <subfield code="a">1617EN  ENG-116819</subfield>
  </datafield>
  <datafield tag="020" ind1=" " ind2=" ">
    <subfield code="a">9789384082673</subfield>
    <subfield code="c">320.00</subfield>
  </datafield>
  <datafield tag="035" ind1=" " ind2=" ">
    <subfield code="a">B-651213-221</subfield>
  </datafield>
  <datafield tag="035" ind1=" " ind2=" ">
    <subfield code="a">B-664683</subfield>
  </datafield>
  <datafield tag="035" ind1=" " ind2=" ">
    <subfield code="a">EN-100351</subfield>
  </datafield>
  <datafield tag="037" ind1=" " ind2=" ">
    <subfield code="b">BSB</subfield>
    <subfield code="a">dpl</subfield>
  </datafield>
  <datafield tag="082" ind1=" " ind2=" ">
    <subfield code="a">954.02</subfield>
  </datafield>
  <datafield tag="100" ind1=" " ind2=" ">
    <subfield code="a">Chakravarti, Ranabir</subfield>
  </datafield>
  <datafield tag="245" ind1=" " ind2=" ">
    <subfield code="a">Exploring early India upto c.AD1300 /</subfield>
    <subfield code="c">by  Ranabir Chakravarti</subfield>
  </datafield>
  <datafield tag="250" ind1=" " ind2=" ">
    <subfield code="a">3rd ed.</subfield>
  </datafield>
  <datafield tag="260" ind1=" " ind2=" ">
    <subfield code="a">Delhi</subfield>
    <subfield code="b">Primus Books.</subfield>
    <subfield code="c">2016</subfield>
  </datafield>
  <datafield tag="270" ind1=" " ind2=" ">
    <subfield code="a">Virat Bhawan, Mukhrjee Nagar Commercial Complex.</subfield>
    <subfield code="b">Delhi</subfield>
    <subfield code="e">110009</subfield>
  </datafield>
  <datafield tag="300" ind1=" " ind2=" ">
    <subfield code="a">xxiv,491p.</subfield>
    <subfield code="b">24cm(pbk)</subfield>
  </datafield>
  <datafield tag="500" ind1=" " ind2=" ">
    <subfield code="a">Includes bibliographical references and index</subfield>
  </datafield>
  <datafield tag="650" ind1=" " ind2=" ">
    <subfield code="a">Folk literature, Marathi</subfield>
    <subfield code="v">Translations into English.</subfield>
  </datafield>
  <datafield tag="650" ind1=" " ind2=" ">
    <subfield code="a">Dhangar (Indic people) </subfield>
    <subfield code="v">Folklore.</subfield>
  </datafield>
  <datafield tag="942" ind1=" " ind2=" ">
    <subfield code="2">ddc</subfield>
    <subfield code="c">EN</subfield>
    <subfield code="h">954.02</subfield>
    <subfield code="m">CHA</subfield>
  </datafield>
  <datafield tag="999" ind1=" " ind2=" ">
    <subfield code="c">102304</subfield>
    <subfield code="d">102304</subfield>
  </datafield>
  <datafield tag="952" ind1=" " ind2=" ">
    <subfield code="0">0</subfield>
    <subfield code="1">0</subfield>
    <subfield code="4">0</subfield>
    <subfield code="7">1</subfield>
    <subfield code="8">NFIC</subfield>
    <subfield code="a">DBAD</subfield>
    <subfield code="b">DBAD</subfield>
    <subfield code="d">2016-12-14</subfield>
    <subfield code="e">DBAD/PUB</subfield>
    <subfield code="g">320.00</subfield>
    <subfield code="l">0</subfield>
    <subfield code="o">954.02 CHA</subfield>
    <subfield code="p">EN-100351</subfield>
    <subfield code="r">2016-12-14 00:00:00</subfield>
    <subfield code="t">1</subfield>
    <subfield code="v">320.00</subfield>
    <subfield code="y">EN</subfield>
  </datafield>
  <datafield tag="952" ind1=" " ind2=" ">
    <subfield code="0">0</subfield>
    <subfield code="1">0</subfield>
    <subfield code="4">0</subfield>
    <subfield code="7">0</subfield>
    <subfield code="8">NFIC</subfield>
    <subfield code="a">L</subfield>
    <subfield code="b">L</subfield>
    <subfield code="d">2017-01-24</subfield>
    <subfield code="e">BPPD/CH/EN/289/24.11.2016/344/2.12.2016/4.1.2017</subfield>
    <subfield code="g">320.00</subfield>
    <subfield code="l">19</subfield>
    <subfield code="m">5</subfield>
    <subfield code="o">954.02 CHA</subfield>
    <subfield code="p">B-651213</subfield>
    <subfield code="r">2023-11-28 00:00:00</subfield>
    <subfield code="s">2023-11-15</subfield>
    <subfield code="t">1</subfield>
    <subfield code="v">320.00</subfield>
    <subfield code="w">2017-01-24</subfield>
    <subfield code="y">EN</subfield>
  </datafield>
  <datafield tag="952" ind1=" " ind2=" ">
    <subfield code="0">0</subfield>
    <subfield code="1">0</subfield>
    <subfield code="4">0</subfield>
    <subfield code="7">0</subfield>
    <subfield code="8">NFIC</subfield>
    <subfield code="a">NPL</subfield>
    <subfield code="b">NPL</subfield>
    <subfield code="d">2017-01-24</subfield>
    <subfield code="e">BPPD/CH/EN/289/24.11.2016/344/2.12.2016/4.1.2017</subfield>
    <subfield code="g">320.00</subfield>
    <subfield code="l">1</subfield>
    <subfield code="o">954.02 CHA</subfield>
    <subfield code="p">B-651214</subfield>
    <subfield code="r">2025-07-09 00:00:00</subfield>
    <subfield code="s">2025-05-24</subfield>
    <subfield code="t">1</subfield>
    <subfield code="v">320.00</subfield>
    <subfield code="y">EN</subfield>
  </datafield>
  <datafield tag="952" ind1=" " ind2=" ">
    <subfield code="0">0</subfield>
    <subfield code="1">0</subfield>
    <subfield code="4">0</subfield>
    <subfield code="7">0</subfield>
    <subfield code="8">NFIC</subfield>
    <subfield code="a">BL1</subfield>
    <subfield code="b">BL1</subfield>
    <subfield code="d">2017-01-24</subfield>
    <subfield code="e">BPPD/CH/EN/289/24.11.2016/344/2.12.2016/4.1.2017</subfield>
    <subfield code="g">320.00</subfield>
    <subfield code="l">0</subfield>
    <subfield code="o">954.02 CHA</subfield>
    <subfield code="p">B-651215</subfield>
    <subfield code="r">2017-01-24 00:00:00</subfield>
    <subfield code="t">1</subfield>
    <subfield code="v">320.00</subfield>
    <subfield code="y">EN</subfield>
  </datafield>
  <datafield tag="952" ind1=" " ind2=" ">
    <subfield code="0">0</subfield>
    <subfield code="1">0</subfield>
    <subfield code="4">0</subfield>
    <subfield code="7">0</subfield>
    <subfield code="8">NFIC</subfield>
    <subfield code="a">JP</subfield>
    <subfield code="b">JP</subfield>
    <subfield code="d">2017-01-24</subfield>
    <subfield code="e">BPPD/CH/EN/289/24.11.2016/344/2.12.2016/4.1.2017</subfield>
    <subfield code="g">320.00</subfield>
    <subfield code="l">8</subfield>
    <subfield code="m">4</subfield>
    <subfield code="o">954.02 CHA</subfield>
    <subfield code="p">B-651216</subfield>
    <subfield code="r">2024-04-03 00:00:00</subfield>
    <subfield code="s">2024-04-01</subfield>
    <subfield code="t">1</subfield>
    <subfield code="v">320.00</subfield>
    <subfield code="y">EN</subfield>
  </datafield>
  <datafield tag="952" ind1=" " ind2=" ">
    <subfield code="0">0</subfield>
    <subfield code="1">0</subfield>
    <subfield code="4">0</subfield>
    <subfield code="7">0</subfield>
    <subfield code="8">NFIC</subfield>
    <subfield code="a">ZLS</subfield>
    <subfield code="b">ZLS</subfield>
    <subfield code="d">2017-01-24</subfield>
    <subfield code="e">BPPD/CH/EN/289/24.11.2016/344/2.12.2016/4.1.2017</subfield>
    <subfield code="g">320.00</subfield>
    <subfield code="l">0</subfield>
    <subfield code="o">954.02 CHA</subfield>
    <subfield code="p">B-651217</subfield>
    <subfield code="r">2017-01-24 00:00:00</subfield>
    <subfield code="t">1</subfield>
    <subfield code="v">320.00</subfield>
    <subfield code="y">EN</subfield>
  </datafield>
  <datafield tag="952" ind1=" " ind2=" ">
    <subfield code="0">0</subfield>
    <subfield code="1">0</subfield>
    <subfield code="4">0</subfield>
    <subfield code="7">0</subfield>
    <subfield code="8">NFIC</subfield>
    <subfield code="a">BN</subfield>
    <subfield code="b">BN</subfield>
    <subfield code="d">2017-01-24</subfield>
    <subfield code="e">BPPD/CH/EN/289/24.11.2016/344/2.12.2016/4.1.2017</subfield>
    <subfield code="g">320.00</subfield>
    <subfield code="l">2</subfield>
    <subfield code="m">1</subfield>
    <subfield code="o">954.02 CHA</subfield>
    <subfield code="p">B-651218</subfield>
    <subfield code="r">2020-02-12 00:00:00</subfield>
    <subfield code="s">2020-01-20</subfield>
    <subfield code="t">1</subfield>
    <subfield code="v">320.00</subfield>
    <subfield code="y">EN</subfield>
  </datafield>
  <datafield tag="952" ind1=" " ind2=" ">
    <subfield code="0">0</subfield>
    <subfield code="1">0</subfield>
    <subfield code="4">0</subfield>
    <subfield code="7">0</subfield>
    <subfield code="8">NFIC</subfield>
    <subfield code="a">NRR</subfield>
    <subfield code="b">NRR</subfield>
    <subfield code="d">2017-01-24</subfield>
    <subfield code="e">BPPD/CH/EN/289/24.11.2016/344/2.12.2016/4.1.2017</subfield>
    <subfield code="g">320.00</subfield>
    <subfield code="l">0</subfield>
    <subfield code="o">954.02 CHA</subfield>
    <subfield code="p">B-651219</subfield>
    <subfield code="r">2017-01-24 00:00:00</subfield>
    <subfield code="t">1</subfield>
    <subfield code="v">320.00</subfield>
    <subfield code="y">EN</subfield>
  </datafield>
  <datafield tag="952" ind1=" " ind2=" ">
    <subfield code="0">0</subfield>
    <subfield code="1">0</subfield>
    <subfield code="4">0</subfield>
    <subfield code="7">0</subfield>
    <subfield code="8">NFIC</subfield>
    <subfield code="a">BKK</subfield>
    <subfield code="b">BKK</subfield>
    <subfield code="d">2017-01-24</subfield>
    <subfield code="e">BPPD/CH/EN/289/24.11.2016/344/2.12.2016/4.1.2017</subfield>
    <subfield code="g">320.00</subfield>
    <subfield code="l">0</subfield>
    <subfield code="o">954.02 CHA</subfield>
    <subfield code="p">B-651220</subfield>
    <subfield code="r">2017-01-24 00:00:00</subfield>
    <subfield code="t">1</subfield>
    <subfield code="v">320.00</subfield>
    <subfield code="y">EN</subfield>
  </datafield>
  <datafield tag="952" ind1=" " ind2=" ">
    <subfield code="0">0</subfield>
    <subfield code="1">0</subfield>
    <subfield code="4">0</subfield>
    <subfield code="7">0</subfield>
    <subfield code="8">NFIC</subfield>
    <subfield code="a">BL4</subfield>
    <subfield code="b">BL4</subfield>
    <subfield code="d">2017-01-24</subfield>
    <subfield code="e">BPPD/CH/EN/289/24.11.2016/344/2.12.2016/4.1.2017</subfield>
    <subfield code="g">320.00</subfield>
    <subfield code="l">21</subfield>
    <subfield code="m">18</subfield>
    <subfield code="o">954.02 CHA</subfield>
    <subfield code="p">B-651221</subfield>
    <subfield code="r">2024-08-23 00:00:00</subfield>
    <subfield code="s">2024-07-12</subfield>
    <subfield code="t">1</subfield>
    <subfield code="v">320.00</subfield>
    <subfield code="y">EN</subfield>
  </datafield>
  <datafield tag="952" ind1=" " ind2=" ">
    <subfield code="0">0</subfield>
    <subfield code="1">0</subfield>
    <subfield code="4">0</subfield>
    <subfield code="7">0</subfield>
    <subfield code="8">NFIC</subfield>
    <subfield code="a">AV</subfield>
    <subfield code="b">AV</subfield>
    <subfield code="d">2017-07-06</subfield>
    <subfield code="e">BPPD/EN/2016-17/AV/2016-17/455/15.02.2017/BSB/IN513/28.02.2017/06.03.2017</subfield>
    <subfield code="g">320.00</subfield>
    <subfield code="l">13</subfield>
    <subfield code="m">7</subfield>
    <subfield code="o">954.02 CHA</subfield>
    <subfield code="p">B-664683</subfield>
    <subfield code="r">2024-12-21 00:00:00</subfield>
    <subfield code="s">2024-12-05</subfield>
    <subfield code="t">1</subfield>
    <subfield code="v">320.00</subfield>
    <subfield code="w">2017-07-06</subfield>
    <subfield code="y">EN</subfield>
  </datafield>
</record>
